Представление документа в формате RUSMARC

ПолеНазваниеЗначение
  Тип записи a
  Библиографический уровень m
001 Контрольный номер RU/SLIB/B/208728852
005 Дата корректировки 20231102125502.4
010 Индекс ISBN __
d Цена 0-50
101 Язык документа 0_
a Язык текста rus
200 Заглавие и сведения об ответственности 1_
a Заглавие Москва - героям 1812 года
e Сведения, относящиеся к заглавию Путеводитель
b Общее обозначение материала Текст
210 Выходные данные 1_
a Место издания М.
c Издательство Моск. рабочий
d Дата издания 1981
215 Физическое описание __
a Объем 176 с.
606 Тематические рубрики __
a Основная рубрика История
z Хронологическая подрубрика 1812 г.; 19 в. нач.
y Географическая подрубрика Москва; Россия
606 Тематические рубрики __
a Основная рубрика Россия в XVIII в. - 1917 г.
606 Тематические рубрики __
a Основная рубрика История России в целом
610 Ключевые слова 0_
a Ключевые слова Отечественная война 1812 г.; герои
686 Индексы других классификаций __
a Классификационный индекс 63.3(2)521
686 Индексы других классификаций __
a Классификационный индекс 63.3(2)л6; ст63.3(2)521+ст63.3(2)л6
700 Автор _1
a Фамилия Смирнов
b Имя А. А.
4 Код отношения 070
801 Источник записи _0
a Страна RU
b Организация Муниципальное бюджетное учреждение культуры "Централизованная библиотечная система" г. Сургут (Центральная городская библиотека им. А. С. Пушкина)
g Правила каталогизации КиК/Елгина
801 Источник записи _1
a Страна RU
b Организация Муниципальное бюджетное учреждение культуры "Централизованная библиотечная система" г. Сургут (Центральная городская библиотека им. А. С. Пушкина)
g Правила каталогизации КиК/Елгина
852 Данные о местонахождении __
j Шифр хранения 63.3(2)521
c Каталожный индекс 63.3(2)521; 63.3(2)л6
i Авторский знак С 50
p Инвентарный номер 6266
901 Тип документа __
t Тип документа m
969 Тип издания __
a Тип издания путеводитель
990 Данные о заказе (DOS) __
j Количество экземпляров (DOS) 1